000 00278 a2200133 4500
000 nam a22 7a 4500
100 _aVerma p
110 _aVerma p
245 _aPython for bio informatic
250 _alatest
260 _bBpb
_c2026
264 _bBpb
_c2026
942 _cBK
999 _c395006
_d395006